| 000 | 01120nam a2200337 a 4500 | ||
|---|---|---|---|
| 999 |
_c535255 _d535255 |
||
| 001 | 4429605 | ||
| 003 | NUST | ||
| 005 | 20200901161759.0 | ||
| 008 | 931022s1993 ii ab b 000 0 eng | ||
| 010 | _a 93905783 | ||
| 020 |
_a978-93-51112-75-4 _cRs750.00 |
||
| 025 | _aI-E-72011 | ||
| 038 | _aMSOHAIL | ||
| 040 |
_aDLC _cDLC _dDLC |
||
| 050 | 0 | 0 |
_aS613 _b.A69 1993 |
| 082 |
_a333.73 _bKID |
||
| 100 |
_aNehal Kidwai _929724 |
||
| 245 | 0 | 0 | _aArid land irrigation and ecological management / |
| 260 |
_aJodhpur, India : _bScientific Publishers, _c1993. |
||
| 300 |
_a312 p. : _bill., map ; _c23 cm. |
||
| 504 | _aIncludes bibliographical references. | ||
| 520 | _aContributed papers. | ||
| 650 | 0 |
_aIrrigation farming. _929725 |
|
| 650 | 0 |
_aArid regions agriculture. _924671 |
|
| 650 | 0 |
_aIrrigation _xEnvironmental aspects. _929729 |
|
| 650 | 0 |
_aArid regions ecology. _929727 |
|
| 700 | 1 |
_aSingh, S. D. _q(Satya Deo), _d1929- _929728 |
|
| 906 |
_a7 _bcbc _corignew _d3 _encip _f19 _gy-gencatlg |
||
| 942 |
_2ddc _cBK |
||